Practical Geometry and Engineering Graphics / (Record no. 607127)

000 -LEADER
fixed length control field 00373nam a22001337a 4500
020 ## - INTERNATIONAL STANDARD BOOK NUMBER
International Standard Book Number 978-94-017-2742-6
082 ## - DEWEY DECIMAL CLASSIFICATION NUMBER
Classification number 604.201516
Author Mark ABB
100 ## - MAIN ENTRY--PERSONAL NAME
Personal name ABBOTT, W.
9 (RLIN) 39365
245 ## - TITLE STATEMENT
Title Practical Geometry and Engineering Graphics /
Statement of responsibility, etc. W. ABBOTT
260 ## - PUBLICATION, DISTRIBUTION, ETC.
Place of publication, distribution, etc. UK :
Name of publisher, distributor, etc. Springer Science+Business Media
Date of publication, distribution, etc. 1971.
300 ## - PHYSICAL DESCRIPTION
Extent 353p. ;
500 ## - GENERAL NOTE
General note Hard binding
942 ## - ADDED ENTRY ELEMENTS (KOHA)
Source of classification or shelving scheme
Koha item type Book
Holdings
Withdrawn status Lost status Source of classification or shelving scheme Damaged status Not for loan Permanent Location Current Location Shelving location Date acquired Total Checkouts Full call number Barcode Date last seen Price effective from Koha item type
          School of Mechanical & Manufacturing Engineering (SMME) School of Mechanical & Manufacturing Engineering (SMME) Aerospace Engineering 11/29/2023   604.201516 ABB SMME-4522 11/29/2023 11/29/2023 Book
          School of Mechanical & Manufacturing Engineering (SMME) School of Mechanical & Manufacturing Engineering (SMME) Aerospace Engineering 11/29/2023   604.201516 ABB SMME-4523 11/29/2023 11/29/2023 Book
          School of Mechanical & Manufacturing Engineering (SMME) School of Mechanical & Manufacturing Engineering (SMME) Aerospace Engineering 11/29/2023   604.201516 ABB SMME-4524 11/29/2023 11/29/2023 Book
© 2023 Central Library, National University of Sciences and Technology. All Rights Reserved.